000 00676 a2200169 4500
003 Nust
005 20230131103505.0
040 _cNust
082 _a297.63, KHA
100 _aKhan, Abdul Waheed
245 _aThe personality of Allah's last messenger Muhammad (PBUP)
_cAbdul Waheed Khan
260 _aKarachi
_c2010
300 _a82 p.
505 _aHis Personality (Page-1), What Quran Says About Him (Page-42), His Achievements (Page-44), What The Non Muslim Scholars Of The World Say About Him, Quran And Islam (Page-54), A Look Into The Holy Quran (Page-66), The Epilogue (Page-74), His Family (Page-81).
650 _aHazrat Muhammad (PBUP)
_96123
942 _2ddc
_cBK
999 _c188583
_d188583